00806nam a2200229 a 45000010005000000030008000050050017000130080039000300350018000690350020000870400053001070410008001600600022001680820020001901000021002102450081002312600065003123000025003775000020004026500025004228560129004475022BD-RjUL20211208234008.0131224r19651954enk 001 0 eng a(BD-RjUL)5058 a(OCoLC)14678578 aDLCcDNLMdOYUdOClW-HdOCoLCdDLCdBD-RjULbeng aeng0 aW 322bG624r 1954 a361.1bGOR 19651 aGoldstine, Dora.10aReadings in the theory and practice of medical social work /cDora Goldstine aChicago :bUniv. of Chicago Press ,cc1954 [Impression 1965] avi, 344 p. ;c23 cm. aIncludes index. 0aMedical social work. uhttp://www.worldcat.org/title/readings-in-the-theory-and-practice-of-medical-social-work/oclc/14678578&referer=brief_results